<?xml version="1.0" encoding="UTF-8"?>
<marc:record xmlns:marc="http://www.loc.gov/MARC21/slim">
   <marc:leader>00000nam a2200000 a 4500</marc:leader>
   <marc:datafield ind1="1" ind2=" " tag="100">
      <marc:subfield code="a">Bucik, Nataša</marc:subfield>
      <marc:subfield code="4">aut</marc:subfield>
      <marc:subfield code="e">Verfasser/-in</marc:subfield>
   </marc:datafield>
   <marc:datafield ind1="1" ind2=" " tag="100">
      <marc:subfield code="a">Bucik, Kaja</marc:subfield>
      <marc:subfield code="4">aut</marc:subfield>
      <marc:subfield code="e">Verfasser/-in</marc:subfield>
   </marc:datafield>
   <marc:datafield ind1="1" ind2=" " tag="100">
      <marc:subfield code="a">Zavadlav, Ana</marc:subfield>
      <marc:subfield code="4">ill</marc:subfield>
      <marc:subfield code="e">Illustrator/-in</marc:subfield>
   </marc:datafield>
   <marc:datafield ind1=" " ind2=" " tag="653">
      <marc:subfield code="a">Ladinisch</marc:subfield>
   </marc:datafield>
   <marc:datafield ind1=" " ind2=" " tag="653">
      <marc:subfield code="a">Grödnerisch</marc:subfield>
   </marc:datafield>
   <marc:datafield ind1=" " ind2=" " tag="653">
      <marc:subfield code="a">Gherdëina</marc:subfield>
   </marc:datafield>
   <marc:datafield ind1=" " ind2=" " tag="653">
      <marc:subfield code="a">Rätoromanisch</marc:subfield>
   </marc:datafield>
   <marc:datafield ind1=" " ind2=" " tag="653">
      <marc:subfield code="a">Süfdtirol</marc:subfield>
   </marc:datafield>
   <marc:datafield ind1=" " ind2=" " tag="653">
      <marc:subfield code="a">Alto Adige</marc:subfield>
   </marc:datafield>
   <marc:datafield ind1=" " ind2=" " tag="653">
      <marc:subfield code="a">romanischer Dialekt</marc:subfield>
   </marc:datafield>
   <marc:datafield ind1=" " ind2=" " tag="653">
      <marc:subfield code="a">Softcover / Schule</marc:subfield>
   </marc:datafield>
   <marc:datafield ind1=" " ind2=" " tag="653">
      <marc:subfield code="a">Lernen/Sonstiges</marc:subfield>
   </marc:datafield>
   <marc:datafield ind1=" " ind2=" " tag="653">
      <marc:subfield code="a">Kindersachbuch</marc:subfield>
   </marc:datafield>
   <marc:datafield ind1=" " ind2=" " tag="653">
      <marc:subfield code="a">Spielerisches Lernen: Sprachen</marc:subfield>
   </marc:datafield>
   <marc:datafield ind1="0" ind2="0" tag="245">
      <marc:subfield code="a">Das große Südtirol-Wimmelwörterbuch</marc:subfield>
   </marc:datafield>
   <marc:datafield ind1="0" ind2="0" tag="245">
      <marc:subfield code="b">Spaß mit 1450 Wörtern : Deutsch - Italienisch - Englisch und Ladinisch aus dem Gadertal und Gröden</marc:subfield>
   </marc:datafield>
   <marc:datafield ind1="0" ind2="0" tag="245">
      <marc:subfield code="c">das Buch wurde geschrieben von Nataša Bucik und Kaja Bucik ; Illustrationen von Ana Zavadlav</marc:subfield>
   </marc:datafield>
   <marc:datafield ind1=" " ind2="1" tag="264">
      <marc:subfield code="a">Bozen</marc:subfield>
      <marc:subfield code="b">Athesia Verlag</marc:subfield>
   </marc:datafield>
   <marc:datafield ind1="1" ind2=" " tag="520">
      <marc:subfield code="a">Angaben aus der Verlagsmeldung

Das große Südtirol Wimmelwörterbuch : Spaß mit 1450 Wörtern in Deutsch – Italienisch – Englisch – Ladinisch – Grödnerisch

Auf unterhaltsame Weise vermittelt dieses Buch den Grundwortschatz, die wichtigsten Wörter und Begriffe in Deutsch, Italienisch, Englisch, Ladinisch und Grödnerisch. Es bietet 5 Basis-Wörterbücher in einem Band.
Dieses Wörterbuch beruht auf pädagogischen, didaktischen Grundsätzen und kann schulbegleitend eingesetzt werden.
Das Wörterbuch, das Frau Mag. Nataša Bucik, Entwicklungspsychologin und Expertin im Bereich Alphabetisierung, vorbereitet hat, ermöglicht den Kindern ihren Wortschatz auf eine spielerische und gleichzeitig lehrhafte Weise zu erweitern. Bei der Betrachtung und Beschreibung von attraktiven Illustrationen können die neuen Wörter viel schneller erlernt werden.
Die Wörter in diesem Buch sind bunt und abwechslungsreich dargestellt, wobei der Fokus auf Begriffe aus den wesentlichen Bereichen des täglichen Lebens gelegt wurde.
Außerdem erlaubt der Inhalt der zahlreichen Illustrationen Entdeckungsreisen in die Umwelt.
Es hilft den Eltern den Wortschatz der Kinder spielerisch zu vergrößern und fördert bei den jungen Lesern das Interesse an der eigenen und an anderen Sprachen.
</marc:subfield>
   </marc:datafield>
   <marc:datafield ind1=" " ind2=" " tag="020">
      <marc:subfield code="a">9788868394189</marc:subfield>
      <marc:subfield code="9">9788868394189</marc:subfield>
   </marc:datafield>
   <marc:datafield ind1=" " ind2=" " tag="020">
      <marc:subfield code="a">8868394189</marc:subfield>
      <marc:subfield code="9">8868394189</marc:subfield>
   </marc:datafield>
   <marc:datafield ind1=" " ind2=" " tag="041">
      <marc:subfield code="a">ger</marc:subfield>
   </marc:datafield>
   <marc:datafield ind1=" " ind2=" " tag="300">
      <marc:subfield code="a">95 Seiten</marc:subfield>
   </marc:datafield>
</marc:record>
